Responses for show #3785 - Friday, February 2, 2001

Contestants

Paul Barry, a financial consultant from Hampton Falls, New Hampshire

Kim Marshall, a defense analyst from Washington, D.C.

Mark Stacy, a newspaper copy editor from Morgantown, West Virginia (whose 2-day cash winnings total $10,900)

Jeopardy! Round responses

U.S. GEOGRAPHY
BE AFRAID...
(Alex: Be very, very afraid!)
HIRSCHFELD
SLOGANS
EARTH SCIENCE
WORDS FROM "JEOPARDY!"
(Alex: The correct responses will be words that can be formed from the letters you find in "Jeopardy!")
    $100 1
Lake Michigan

Mark
    $100 26
feathers

Kim
    $100 21
Jerry Garcia

Mark
    $100 16
Tide

Paul
    $100 6
salt (NaCl)

Paul
    $100 11
rope

Mark
    $200 2
(Mark: What are Virginia & North Carolina?)

Florida & Georgia

MarkPaul
    $200 27
russophobia

Kim
    $200 22
Ross Perot

Mark
    $200 17
Ziploc

Mark
    $200 7
(Mark: What are plates or tectonic plates?)
(Kim: What is an earthquake?)
(Paul: What is a fissure?)

a fault

MarkKimPaul
Triple Stumper
    $200 12
pore

Mark
    $300 3
Death Valley

Mark
    $300 28
poison

Paul
    $300 23
Cher

Mark
    $300 18
Pepto Bismol

Mark
    $300 8
ash

Paul
    $300 13
deja

Mark
    $400 4
West Virginia

Mark
    $400 29
flowers

Paul
    $400 24
Louis Armstrong

Mark
    $400 19
Pepsodent

Mark
    $400 9
a confluence

Mark
    $400 14
joy

Triple Stumper
    $500 5
Hatteras & Lookout

Paul
    $500 30
speed

Paul
    $500 25
Annie Hall

Paul
    $500 20
(Kim: What is Revlon?)

L'Oréal

Kim
Triple Stumper
    $800 10
the ionosphere

Mark
    $500 15
(Alex: Why is it odd, I wonder, I don't know why our writers came up with that particular clue?!)

Dopey

Paul

Scores at the first commercial break (after clue 15):

Mark Kim Paul
$2,200 -$200 $1,400

Scores at the end of the Jeopardy! Round:

Mark Kim Paul
$4,100 -$400 $3,200

Double Jeopardy! Round responses

GREEK MYTHOLOGY
"N" TERTAINMENT
ELECTION 2000
X
LITERARY NARRATORS
BEFORE & AFTER
    $200 1
Zeus

Kim
    $200 17
Norm

Kim
    $200 16
Ralph Nader

Paul
    $200 6
(Mark: Who is Sam Spade?)

Philip Marlowe

Mark
Triple Stumper
    $200 8
(Paul: Who is John Wayne...)

John Wayne's World

KimPaul
    $400 2
Medusa

Paul
    $400 22
Mike Nichols

Kim
    $400 18
the impeachment hearings

Kim
    $400 29
(Alex: And now, the last clue...)
[The end-of-round signal sounds.]
(Alex: Oh, darn, we won't get to see it.)

X-Men

Mark
    $400 7
Holden Caulfield

Mark
    $400 10
Pixie & Dixie Chicks

Triple Stumper
    $600 3
(Paul: Who was Hector?)

Paris (who was with Helen)

Paul
Triple Stumper
    $600 23
nobody

Kim
    $600 19
Jeb Bush

Mark
    $600 26
FX

Kim
    $600 9
Young Jim Hawkins

Triple Stumper
    $600 11
Joe Cocker Spaniel

Triple Stumper
    $800 4
(Mark: Who was Diana?)

Artemis

MarkKim
    $800 24
Anthony Newley

Triple Stumper
    $1,500 20
Missouri

Mark
    $1,500 27
10

Kim
    $800 13
Ron Kovic

Kim
    $800 12
(Kim: Who is Helen of Troy Hudson?)

Helen of Troy Donahue

KimPaul
    $1000 5
(Mark: Who is Mercury?)
...
(Alex: We're talking about Greek mythology...)

Hermes

MarkKim
    $1000 25
(Mark: Who is Norma Desmond?)
(Paul: Who is Norma Talmadge?)
...
(Alex: Norma Desmond was the character in Sunset Boulevard. Less than a minute to go.)

Pola Negri

MarkPaul
Triple Stumper
    $1000 21
George Allen

Mark
    $1000 28
chi

Paul
    $1000 14
Tom Wingfield

Triple Stumper
    $1000 15
(Alex: Maybe that will not be our favorite category from now on?!)

"Skip To My Lou Ferrigno"

Triple Stumper

Scores at the end of the Double Jeopardy! Round:

Mark Kim Paul
$5,000 $5,500 $3,800

[wagering suggestions for these scores]

Final Jeopardy! Round responses

HISTORIC LISTS
(Alex: Tune in for our celebrity games beginning on Monday... see you then!)
PaulWhat is canonized popes
$1,800
MarkWhat are emperors?
$2,700
KimWhat is the list of saints?
$4,500
anti-popes

Final scores:

Mark Kim Paul
$2,300 $1,000 $2,000
3-day champion: $13,200 3rd place: Fisher Home Theater System 2nd place: Trip to Sydney, Australia

Game dynamics:

Coryat scores:

Mark Kim Paul
$4,000 $4,800 $3,800
20 R
(including 2 DDs),
6 W
13 R
(including 1 DD),
3 W
14 R,
4 W

Combined Coryat: $12,600

The J! Archive is created by fans, for fans. The Jeopardy! game show and all elements thereof, including but not limited to copyright and trademark thereto, are the property of Jeopardy Productions, Inc. and are protected under law. This website is not affiliated with, sponsored by, or operated by Jeopardy Productions, Inc. Join the discussion at JBoard.tv.